LDR 00989nam a2200217 i 4500 001 000000059814 003 CaOOAMICUS 005 20260427080957.0 008 080814s1967 gw u000 u ger u 013 $a30986 040 $aSeMil$bita 100 1 $aTillich, Paul Johannes,$d<1886-1965>.$0(OLS)http://semarc/name/1471 245 14$aDie religiƶse Substanz der Kultur :$bSchriften zur Theologie der Kultur /$cPaul Tillich. 260 $aStuttgart :$bEvangelisches Verlagswerk,$c1967. 300 $a400 p. ;$c22 cm. 773 0 $aTillich, Paul Johannes <1886-1965>$tGesammelte Werke.$dStuttgart : Evangelisches Verlagswerk, 1959-$g9$w()14932 850 $aSeMil 852 $aSeMil$W1$xVenegono$y1$m2M II 162$j270967$B25967$CSeMilBibl$Z2$F25970 $81 996 $6245$aDie religiƶse Substanz der Kultur :$bSchriften zur Theologie der Kultur$9(OLS)http://semarc/title/93525 996 $6260$aStuttgart :$bEvangelisches Verlagswerk$9(OLS)http://semarc/publisher/34036